000 02361nam a2200325 i 4500
001 000047568
003 DO-SdBNP
005 20231206132019.0
007 ta
008 180703s2017 dr abc 000 0 spa d
020 _a9789945908848
040 _aDO-SdBNP
_bspa
_cBNPHU
_erda
082 4 _bR175h
_222
100 1 _aRamos, Emelda,
_d1948
_91915
_eautora
245 1 0 _aHistoriografía y literatura de Salcedo, 1865-1965 /
_cEmelda Ramos.
264 _aSanto Domingo :
_bArchivo General de la Nación,
_c2017.
300 _a272 páginas :
_bilustraciones, mapas, retratos ;
_c23 cm.
336 _2rdacontent
_atexto
_btxt
337 _2rdamedia
_asin mediación
_bn
338 _2rdacarrier
_avolumen
_bnc
490 _aArchivo General de la Nación
_v315
500 _aIncluye datos biográficos de la autora en las solapas.
500 _aIncluye referencias bibliográficas y notas al pie de las páginas
500 _a4ta Feria del Libro por Historia Dominicana
504 _aBibliografía : p. 239-244
505 0 _aSalvador del Rosario, 1846-1896 primer texto juananuñensa --Manuel de Jesús Paulino, 1866-1962 La décima popular --Armando Cabral garrido,1883-1941la poesía romántica --Mélida Delgado Pantaleón, 1885-1967 La dramaturgia -- Laudiceo Sánchez, 1890-1979 La crónica social -- Jesús Boanerges Sarmiento Roig, 1890-1960 -- María Josefa Gómez Uribe, 1892-1971 El ensayo y la conferencia -- Juan A. Osorio Gómez, 1895-1959 La primera novela -- Doroteo Antonio Regalado Félix, 1897-1956 periodismo y compilación -- María Teresa Brito Clemente, 1897-1977 La oratoria --José de Jesús Florencio Mendoza, 1903-1972 El primer libro de poesía --Manuel Antonio Tejada Florentino, 1907-1960 El prólogo literario --Agripina Cabral de Macarrulla, 1907-1981 Poesía postmodernista y testimonio --José Francisco Tapia Brea, 1908-1984 Los apuntes históricos, la epopeya --Julia Modesta Espinal Durán, 1908-1996 El artículo literario --Francisco Nicolás Rodríguez Valerio, 1917-1985 La biografía y su ética -- Hugo Eduardo Polanco Brito, 1918-1996 La historia y la genealogía -- Sergio Amaro Rosario, 1921-2007 El culto al soneto -- Antonio J. Tatem Mejía, 1927- La poesía patriótica --Héctor Francisco Osorio, 1929-1985 El relato de viaje.
590 _aInventariado, 2018/LP
910 _aBtavárez
942 _2ddc
_cLBS1
999 _c47056
_d47056